Wages of Fear = Le salaire de la peur /

Guardat en:
Dades bibliogràfiques
Autor principal: Clouzot, Henri-Georges (realización)
Altres autors: Clouzot, Henri-Georges (guión) (guión), Géromini, Jérôme (guión) (guión), Thirard, Armand (fotógrafo) (fotógrafo), Rust, Henri (montaje) (montaje), Gug, Madeleine (montaje) (montaje), Muse, Etiennette (montaje) (montaje), Auric, Georges (música) (música), Montand, Yves (actuación) (actuación), Vanel, Charles (actuación) (actuación), Eyck, Peter van (actuación) (actuación), Peary, Danny (texto del folleto) (texto del folleto)
Format: Diapositiva
Idioma:francès
Publicat: Francia : Compagnie Industrielle et Commerciale Cinématographique, 1952, c1952
Col·lecció:(Criterion Collection ; 36)
Matèries:
Etiquetes: Afegir etiqueta
Sense etiquetes, Sigues el primer a etiquetar aquest registre!

MARC

LEADER 00000ngm^a2200000^a^4500
001 000179795
005 20251020000000.0
009 20260526130115.927
020 |a 0-78002-193-2 
037 |a Acervo ITESO - Biblioteca 
041 |a FRA 
082 |a 808. 8  |b CRI V. 36 
100 |a Clouzot, Henri-Georges  |e (realización) 
240 1 4 |a [El salario del miedo] 
240 1 4 |a [El salario del miedo. Adaptaciones] 
245 1 0 |a Wages of Fear =  |b Le salaire de la peur /  |c Realización de H.G. Clouzot. 
246 2 |a Título en México: El salario del miedo 
264 4 |a Francia :  |b Compagnie Industrielle et Commerciale Cinématographique,  |c 1952, c1952 
264 2 |a Nueva York, EUA :  |b Criterion Collection [distribución],  |c 1998, c1998 
300 |a 1 DVD sin dato de región (148 min.) :  |b blanco y negro +  |e 1 díptico 
336 |a imagen móvil bidimensional  |b tdi  |2 rdacontenido 
337 |a video  |b v  |2 rdamedio 
338 |a videodisco  |b vd  |2 rdasoporte 
440 1 |a (Criterion Collection ;  |v 36) 
500 |a Basado en: El salario del miedo, de Georges Arnaud 
546 |a En alemán, español, francés, inglés e italiano con subtítulos opcionales: inglés 
562 |a Falta material anexo [folleto, ejemplar 2] 
586 |a Festival Internacional de Cine de Cannes (6º: 1953): Premio a la Mejor Película (Gran Premio) 
586 |a Festival Internacional de Cine de Berlín (3º: 1953): Premio a la Mejor Película (Oso de Oro) 
586 |a Premio BAFTA, de la Academia Británica de Cine y Televisión (8°: 1954): Mejor Película (ganadora) 
649 |a XX 
650 |a Películas Policíacas 
650 |a Cine de Aventuras 
650 |a Dramas Cinematográficos 
650 |a Cine en Blanco y Negro -  |z Francia 
650 |a Cine Francés -  |y 1950-1959 
650 |a Cine Francés -  |y Siglo XX 
650 |a Novela Francesa -  |x Adaptaciones para Cine 
650 |a Literatura Francesa -  |y Siglo XX -  |x Adaptaciones para Cine 
650 |a Literatura y Cine 
650 |a Destino y Fatalismo 
650 |a Existencialismo 
650 |a Latinoamérica en el Cine 
740 0 |a "Wages of Fear" /  |c Texto del folleto de D. Peary. 
700 |a Clouzot, Henri-Georges  |e (guión) 
700 |a Géromini, Jérôme  |e (guión) 
700 |a Thirard, Armand  |e (fotógrafo) 
700 |a Rust, Henri  |e (montaje) 
700 |a Gug, Madeleine  |e (montaje) 
700 |a Muse, Etiennette  |e (montaje) 
700 |a Auric, Georges  |e (música) 
700 |a Montand, Yves  |e (actuación) 
700 |a Vanel, Charles  |e (actuación) 
700 |a Eyck, Peter van  |e (actuación) 
700 |a Peary, Danny  |e (texto del folleto) 
910 |a Fondo General 
920 |a Audiovisuales - DVDs 
940 |a Películas 
905 |a 308 
901 |a 0500088626  |b IT2  |c DVR  |u 20250521 
901 |a 0500088469  |b IT2  |c DVR  |u 20250521 
901 |a 0500088497  |b IT2  |c MIN  |u 20251020 
902 |a https://opac.biblio.iteso.mx/vufind/Record/000179795